00351nam a2200121Ia 4500008004100000020001500041082001600056100002400072245003500096260007500131300001000206490001300216250529s9999 xx 000 0 und d a9991571744 a891.4893SEE aGREAT FENVARGE CEDY 0aMaamakunu Bodu Easaage Vaahaka aMale'bDhivehibahaai Thaareekhah Khidhumaiykuraa Qaumee Marukazuc1995 a221p. vMalas 65